000 00648nam a22001697a 4500
005 20100804123220.0
010 _aENG-98129
035 _aEN-81662
037 _bDBAD/PUB
082 _a343.54071
245 _aThe consumerprotection act, 1986` /
260 _aDelhi
_bUniversal Law Publishing
_c2009
270 _aC-FF-1A, Dilkhush Industrial Estate,(Opp. Hans Cinema, Azadpur) G.T. Karnal Road
_bDelhi
_e110033
300 i _aiii,64p.
_c24cm (pbk)
942 _2ddc
_cEN
_h343.54071
_mCON
999 _c39180
_d39180